| 000 | 00740nam a2200253 a 4500 | ||
|---|---|---|---|
| 001 | 45087 | ||
| 003 | BD-RjUL | ||
| 005 | 20211209053948.0 | ||
| 008 | 160723s1967 enka 00| 0 eng d | ||
| 035 | _a(BD-RjUL)45205 | ||
| 040 |
_aBD-RjUL _beng _cBD-RjUL _dBD-RjUL |
||
| 041 | _aeng | ||
| 082 |
_223 _a339 _bBRM 1967 |
||
| 100 | 1 |
_aBrooman, F. S. _95957 |
|
| 245 | 1 | 0 |
_aMacroeconomics / _cF. S. Brooman. |
| 250 | _aRev. ed. | ||
| 260 |
_aLondon : _b George Allen & Unwin, _c1967 |
||
| 300 |
_a298 p. : _bill. ; _c22 cm. |
||
| 490 | 1 |
_aMinerva series of students' handbooks ; _vno.9 |
|
| 500 | _aIncludes Index. | ||
| 650 | 0 |
_aMacroeconomics. _95854 |
|
| 830 | 0 |
_aMinerva series of students' handbooks ; _vno.9 _9129432 |
|
| 942 |
_2ddc _cBK |
||
| 999 |
_c45087 _d45087 |
||